[Event "81st ARM-ch 1st League 2021"]
[Site "Yerevan"]
[Date "2021.01.26"]
[Round "5.5"]
[White "Harutyunian, Tigran K."]
[Black "Hayrapetyan, Hovik"]
[Result "0-1"]
[WhiteElo "2549"]
[BlackElo "2488"]
[Annotator "TA"]
[PlyCount "80"]
[EventDate "2021.01.20"]
[EventType "tourn"]
[EventCountry "ARM"]
[SourceTitle "playchess.com"]
[Source "ChessBase"]
[SourceQuality "1"]

{[%evp 9,80,32,33,31,27,25,34,28,42,30,30,34,42,32,38,29,34,-23,-23,-23,-21,-20,-11,-8,16,0,60,0,0,0,21,-14,-24,-12,10,0,27,0,76,64,65,70,73,73,54,77,56,60,112,50,103,20,25,0,0,3,25,-71,-70,-70,-66,-167,-168,-458,-429,-460,-460,-460,-452,-29986,-29987,-29990,-29991]} 1. d4 Nf6 2. Nf3 e6 3. c4 d5 4. Nc3 a6 5. cxd5 exd5 6. Bg5 {D37: Queen's Gambit Declined: 5 Bf4.} Be7 7. e3 O-O 8. Bd3 {White is slightly better.} c6 9. Qc2 h6 10. Bf4 {[#]} Bd6 $146 ({Predecessor:} 10... Nbd7 11. h3 Re8 12. O-O-O c5 13. dxc5 Nxc5 14. Kb1 b5 15. Be5 Bb7 16. Bf5 Qa5 17. Bxf6 Bxf6 18. Nxd5 Bxd5 19. Rxd5 {1-0 (50) Nguyen,A (2468)-Aulia,M (2380) Surakarta 2018}) 11. Bxd6 Qxd6 12. h3 Nbd7 13. O-O-O (13. O-O $14) 13... c5 $11 14. g4 b5 15. g5 hxg5 16. Nxg5 Re8 17. Rhg1 Bb7 (17... c4 $11 18. Bh7+ Kf8) 18. Kb1 (18. Bh7+ $5 Kf8 19. Bf5 $14 (19. Nxf7 Kxf7 20. Bg6+ Kg8 $15)) 18... Rac8 19. Bh7+ Kf8 20. Qf5 cxd4 21. Rxd4 Qe5 22. Qf3 $40 {[%mdl 128] White attacks.} Nc5 23. Qg2 {Threatens to win with Nxf7!} g6 {[#]} (23... Nxh7 $11 24. Nxh7+ Kg8) 24. Nxf7 $1 $16 Kxf7 ({Don't blunder} 24... Qf5+ $2 25. Ka1 $18) 25. Bxg6+ Ke7 {Strongly threatening ...Rg8.} 26. Bxe8 Rxe8 27. Qg7+ Kd8 28. Rf4 Ncd7 ({Better is} 28... Nfd7 $1 $14) 29. Qh6 (29. Rg5 $16 Qd6 30. Rg6) 29... Kc8 (29... Nh5 $14 30. Rf7 Nhf6) 30. a4 (30. Ne2 $16) 30... Ne4 $11 31. Qg7 Nxc3+ 32. bxc3 {next Qxe5 is good for White.} bxa4 {[%mdl 64] Overworked Piece} 33. Rxa4 (33. h4 $11 {remains equal.}) 33... Qf5+ $17 {[%mdl 64] Double Attack} 34. Ka1 Qxf2 35. Rb1 (35. Rb4 $15 Bc6 36. Qg6) 35... Qxe3 $19 36. Rxb7 $2 (36. Qd4) 36... Re7 37. Qg6 Kxb7 38. Qxa6+ Kc7 39. Qa5+ (39. Qa7+ $19 Qxa7 40. Rxa7+ Kb6 41. Ra4) 39... Nb6 40. Qa7+ Kc6 {Weighted Error Value: White=0.43/Black=0.15} 0-1

[Event "81st ARM-ch 1st League 2021"]
[Site "Yerevan"]
[Date "2021.01.26"]
[Round "5.6"]
[White "Melkonyan, Arshak"]
[Black "Gharibyan, Mamikon"]
[Result "0-1"]
[WhiteElo "2079"]
[BlackElo "2432"]
[Annotator "TA"]
[PlyCount "110"]
[EventDate "2021.01.20"]
[EventType "tourn"]
[EventCountry "ARM"]
[SourceTitle "playchess.com"]
[Source "ChessBase"]
[SourceQuality "1"]

{[%evp 21,110,6,13,12,15,12,4,7,9,11,7,0,0,0,0,0,6,7,17,0,0,0,0,0,0,0,0,0,0,-10,0,0,0,-58,-39,-70,-70,-77,-70,-83,-36,-63,-54,-39,-47,-58,-78,-65,-67,-83,-65,-524,-545,-640,-639,-29978,-29979,-29978,-29979,-5123,-833,-830,-800,-1302,-1264,-5193,-1004,-5402,-2107,-1791,-1582,-1169,-696,-746,-536,-29973,-29972,-29977,-29977,-29990,-29991,-29991,-29989,-29989,-29989,-29989,-29990,-29990,-29991,-29996,-29997]} 1. d4 Nf6 2. c4 e6 3. Nf3 b6 4. g3 Bb7 5. Bg2 Bb4+ 6. Bd2 Be7 7. O-O c6 8. Qc2 d5 9. Bf4 O-O 10. Rd1 Nbd7 11. Nc3 dxc4 12. Nd2 {E08: Closed Catalan: Main Line: 7 Qc2.} Nd5 13. Nxc4 Nxf4 14. gxf4 {The position is equal.} Qc7 15. e3 Rac8 16. Rac1 Rfd8 17. Ne5 Nxe5 {[#]} 18. dxe5 $146 ({Predecessor:} 18. fxe5 c5 19. Bxb7 Qxb7 20. Qe4 Qxe4 21. Nxe4 cxd4 22. Rxc8 Rxc8 23. Rxd4 Rc7 24. b3 {½-½ (33) Yakubboev,N (2462)-Wen,Y (2608) Moscow 2018}) 18... Rxd1+ 19. Rxd1 Rd8 20. a3 g6 21. Rxd8+ Qxd8 22. Qa4 Qa8 23. Qd1 c5 24. Bxb7 Qxb7 25. a4 (25. Qe2 {is interesting.} Kg7 26. a4 a6 27. Qc4 Kf8 28. b3) 25... Kg7 26. Qe2 h5 27. f3 (27. b3 $11) 27... c4 28. Kg2 Qc6 29. Qd1 a6 30. Qd4 b5 31. axb5 axb5 32. Ne4 Qd5 33. Qa7 Qd8 34. Qb7 b4 35. Kh3 $1 Kf8 {[#] ...Qd1 is the strong threat.} 36. Qc6 $2 {[%mdl 8192] This move loses the game for White.} (36. Kg2 $1 $15) 36... Qd3 $19 {( -> ...Qf1+)} 37. Nf6 {Intending Qe8+ and mate.} Kg7 38. Ne8+ Kh6 39. Nf6 Bxf6 40. exf6 {[%mdl 4096] Endgame KQ-KQ} Qf5+ (40... Qd5 $142 41. Qxd5 exd5) 41. Kg3 Qxf6 42. Qxc4 Qxb2 43. Qc7 Kg7 (43... h4+ $142 44. Kh3 Kg7) 44. e4 b3 (44... h4+ $142 45. Kxh4 b3) 45. Qc4 h4+ 46. Kh3 Kh7 47. Qb4 Qa2 {And now ...b2 would win.} 48. Qe7 Kg7 {Black mates.} 49. f5 Qf2 ({Stronger than} 49... b2 50. f6+ Kh6 51. Kxh4 $11) 50. f6+ Kh6 51. Qf8+ Kg5 {[%cal Rf2f3]} 52. f4+ Qxf4 {[%csl Gg5][%cal Rf4g4][%mdl 64] [#] Double Attack} 53. Qc5+ e5 {[%csl Gg5][%cal Rf4g4]} 54. Qg1+ Kh6 55. Qg5+ Kxg5 {[%csl Gg5][%cal Rf4g4] Weighted Error Value: White=0.89/Black=0.56} 0-1

[Event "81st ARM-ch 1st League 2021"]
[Site "Yerevan"]
[Date "2021.01.26"]
[Round "5.7"]
[White "Vardanian, Haik G."]
[Black "Ohanyan, Emin"]
[Result "0-1"]
[WhiteElo "2389"]
[BlackElo "2255"]
[Annotator "TA"]
[PlyCount "108"]
[EventDate "2021.01.20"]
[EventType "tourn"]
[EventCountry "ARM"]
[SourceTitle "playchess.com"]
[Source "ChessBase"]
[SourceQuality "1"]

{[%evp 12,108,27,40,41,8,38,38,40,31,53,49,70,72,79,77,63,48,54,48,45,44,52,53,139,143,120,102,95,109,97,89,91,111,89,77,74,47,70,70,69,44,91,91,98,90,90,90,91,90,90,90,90,61,68,60,62,64,72,8,8,0,0,0,8,0,0,-8,-8,-8,-8,-1064,-869,-1002,-1230,-1225,-1141,-1137,-1056,-1529,-1542,-1481,-1271,-1591,-1510,-9121,-9340,-5189,-5193,-29969,-29970,-29971,-29972,-29972,-29973,-29973,-29974,-29972,-29973]} 1. Nf3 Nf6 2. d4 g6 3. Bg5 Ne4 4. Bf4 Bg7 5. Nbd2 d5 6. e3 c5 7. c3 cxd4 {A48: 1 d4 Nf6 2 Nf3 g6: Torre, London and Colle Systems.} 8. cxd4 (8. exd4 {is more complex.} Nxd2 9. Qxd2 O-O 10. Be2 Bf5 11. O-O) 8... Nxd2 (8... O-O {with more complications.} 9. Be2 Nc6 10. O-O Bf5 11. Rc1 Rc8) 9. Qxd2 O-O {[#] White is slightly better.} 10. Be2 $146 ({Predecessor:} 10. Bd3 Nc6 11. h3 f6 12. Bg3 e5 13. Bc2 exd4 14. Nxd4 Nxd4 15. Qxd4 Re8 16. Bb3 {½-½ (37) Moles Palleja,P (2265)-Gomez Jurado,L (2375) Spain 1999}) 10... Bf5 11. O-O Nd7 12. Rfc1 Rc8 13. Rxc8 Qxc8 14. Rc1 Qa8 15. h3 Rc8 16. g4 Be6 17. Ng5 Nb6 (17... Nf8 $14) 18. Nxe6 $16 fxe6 19. g5 Rxc1+ 20. Qxc1 Qc8 21. Qxc8+ Nxc8 {[%mdl 4096] Endgame KBB-KBN} 22. Bb8 Kf7 23. f4 a6 24. b4 b5 25. Bd1 Nd6 26. Bc2 Nc4 27. Kf2 Nd2 28. Ke2 Ne4 {...Nc3+ would now be nice for Black.} 29. a3 Ke8 30. Ba7 Kd7 31. Bc5 Bf8 32. h4 Ng3+ 33. Kf3 Nf5 34. h5 gxh5 35. e4 (35. a4 $16) 35... dxe4+ $11 36. Bxe4 Bg7 37. d5 Nd4+ 38. Ke3 Nf5+ 39. Kd3 h4 40. dxe6+ Kxe6 41. Ke2 $2 {[%mdl 8192] White does not recover from this.} (41. Bb7 $11 Nd6 42. Bxd6 Kxd6 43. Ke4) 41... Ng3+ $19 {[%mdl 64] Double Attack} 42. Kf3 Nxe4 43. Kxe4 {KB-KB} Bb2 44. f5+ Kf7 45. Be3 h3 46. Kf3 Be5 47. Bc1 e6 48. f6 Kg6 49. Be3 h6 50. gxh6 Kxf6 {Black mates.} 51. Bd2 Kg6 52. Bc1 h2 53. Kg2 {[#]} Bg3 $1 {[%mdl 512]} 54. Bd2 {[#]} (54. Kh1 e5) 54... e5 $1 {Weighted Error Value: White=0.67/Black=0.07} 0-1

[Event "81st ARM-ch 1st League 2021"]
[Site "Yerevan"]
[Date "2021.01.27"]
[Round "6.1"]
[White "Sargsyan, Anna M."]
[Black "Ohanyan, Emin"]
[Result "1-0"]
[WhiteElo "2402"]
[BlackElo "2255"]
[Annotator "TA"]
[PlyCount "63"]
[EventDate "2021.01.20"]
[EventType "tourn"]
[EventCountry "ARM"]
[SourceTitle "playchess.com"]
[Source "ChessBase"]
[SourceQuality "1"]

{[%evp 22,63,-8,-8,0,7,41,44,35,30,28,54,56,39,41,42,31,37,29,31,34,33,428,416,457,460,457,452,447,446,518,513,506,502,1593,1579,1611,1609,1558,1538,1365,893,1293,870]} 1. d4 Nf6 2. c4 c5 3. e3 g6 4. Nc3 Bg7 5. Nf3 O-O 6. Be2 cxd4 7. exd4 d5 8. O-O Nc6 9. h3 Bf5 10. Be3 dxc4 11. Bxc4 Rc8 12. Rc1 Na5 {D94: Grünfeld: 4 Nf3 Bg7 5 e3.} 13. Be2 Nc4 14. Bxc4 Rxc4 {White is slightly better.} 15. Qb3 Rc7 16. d5 {[#]} b6 $146 ({Predecessor:} 16... Qa8 17. Nd4 Bd3 18. Ncb5 Rxc1 19. Rxc1 Be4 20. Nc3 Bd3 21. Rd1 Ba6 22. Qa3 Rd8 {0-1 (36) Minasian,A (2510)-Babujian,L (2386) Yerevan 2005}) 17. Nd4 Bd7 18. Rcd1 Qa8 19. Rfe1 Re8 20. Nf3 Qb7 21. Bd4 Qa6 $2 {[%mdl 8192] [#] This move loses the game for Black.} (21... Rcc8 $14) 22. d6 $1 $18 {[%cal Rd6c7]} Rc6 23. Rxe7 {White is clearly winning.} Rxe7 24. dxe7 Qc8 25. Ng5 Qe8 26. Bxf6 Rxf6 27. Qd5 Bc6 (27... Qxe7 $142 28. Qxd7 Qxd7 29. Rxd7 h6 30. Rd8+ Bf8) 28. Qd8 Bh6 29. Qxe8+ Bxe8 {[#]} 30. Rd8 $1 Bxg5 (30... Kg7 31. Rxe8) 31. Rxe8+ Kg7 32. Rd8 {[%mdl 64] Decoy.  Weighted Error Value: White=0.01/Black=0.65} 1-0

[Event "81st ARM-ch 1st League 2021"]
[Site "Yerevan"]
[Date "2021.01.27"]
[Round "6.2"]
[White "Gharibyan, Mamikon"]
[Black "Vardanian, Haik G."]
[Result "1-0"]
[WhiteElo "2432"]
[BlackElo "2389"]
[Annotator "TA"]
[PlyCount "55"]
[EventDate "2021.01.20"]
[EventType "tourn"]
[EventCountry "ARM"]
[SourceTitle "playchess.com"]
[Source "ChessBase"]
[SourceQuality "1"]

{[%evp 9,55,21,50,41,47,39,29,30,43,36,121,72,91,93,103,87,103,68,108,108,144,113,137,114,172,179,288,246,258,250,432,448,472,497,474,477,742,748,820,822,808,786,777,748,706,684,844,829]} 1. d4 e6 2. c4 b6 3. a3 Bb7 4. Nc3 f5 5. Bf4 d6 6. Nf3 {A40: Unusual replies to 1 d4.} Nf6 7. Ng5 {[#]} Qe7 $146 ({Predecessor:} 7... Qd7 8. d5 exd5 9. cxd5 Na6 10. e3 h6 11. Bb5 c6 12. dxc6 Bxc6 13. Bxa6 hxg5 14. Bxg5 Bxg2 15. f3 Bxh1 16. Bb5 {1-0 (16) Perepechenko,V (1532)-Lauer,F (1044) LSS email 2011}) 8. d5 {White has an edge.} e5 {[%cal Re5f4]} 9. Bc1 a6 {White leaves nothing to chance now.} (9... Bc8 $14) 10. g3 g6 11. e4 $36 {[%mdl 2048] White has strong initiative.} Bc8 12. Bh3 Bh6 13. Qc2 {[%cal Re4f5]} (13. exf5 {is more complex.} gxf5 14. Qf3 e4 15. Qe2 O-O 16. O-O) 13... Bxg5 14. Bxg5 h6 15. Bd2 Qh7 16. f4 {Black must now prevent fxe5.} exf4 (16... Nbd7 $16) 17. gxf4 $18 O-O (17... Nbd7 $142 18. O-O (18. exf5 Nc5 $16) 18... O-O 19. exf5 g5) 18. e5 Re8 19. e6 b5 $2 {[#]} (19... Bxe6 {is a better defense.} 20. dxe6 Rxe6+ 21. Kf1 Nbd7) 20. O-O-O {White is clearly winning.} bxc4 21. Rhg1 Kf8 22. Be3 c5 (22... Nc6 $142 23. dxc6 Bxe6) 23. Qg2 Ra7 24. Qxg6 {[%mdl 64] [#] Double Attack} Ng4 25. Qxh7 Rxh7 26. Bxg4 fxg4 27. Rxg4 Nd7 28. Ne4 {Weighted Error Value: White=0.11/Black=0.38} 1-0

[Event "81st ARM-ch 1st League 2021"]
[Site "Yerevan"]
[Date "2021.01.27"]
[Round "6.3"]
[White "Hayrapetyan, Hovik"]
[Black "Melkonyan, Arshak"]
[Result "1/2-1/2"]
[WhiteElo "2488"]
[BlackElo "2079"]
[Annotator "TA"]
[PlyCount "131"]
[EventDate "2021.01.20"]
[EventType "tourn"]
[EventCountry "ARM"]
[SourceTitle "playchess.com"]
[Source "ChessBase"]
[SourceQuality "1"]

{[%evp 9,131,16,17,22,31,28,32,33,27,31,31,33,37,0,28,0,0,0,0,0,9,0,0,0,0,0,0,0,0,-17,-33,-32,-35,-31,14,14,2,14,14,2,2,0,14,14,14,14,14,14,14,14,14,14,14,14,16,10,9,0,0,0,8,4,4,1,1,1,17,1,1,1,1,1,1,1,1,1,16,0,0,0,0,0,0,0,0,0,0,0,0,0,0,0,0,0,0,0,0,0,0,0,0,0,0,0,0,0,0,0,0,0,0,0,0,0,0,0,0,0,0,0,0,0,0,0]} 1. Nf3 Nf6 2. c4 e6 3. d4 d5 4. Nc3 a6 5. cxd5 exd5 6. Bg5 {D37: Queen's Gambit Declined: 5 Bf4.} Be6 7. e3 Nbd7 8. Bd3 {White is slightly better.} Bd6 9. O-O c6 10. Bf4 $1 {10.Bf4 scores better than 10.Qc2.} Qc7 11. Bg3 O-O 12. Qc2 Bxg3 13. hxg3 h6 14. Rfc1 Rfc8 15. Na4 {[#]} a5 $146 ({Predecessor:} 15... b6 16. b4 Qb7 17. Rab1 a5 18. a3 axb4 19. axb4 Qa7 20. Nc3 c5 21. bxc5 bxc5 22. dxc5 Nxc5 {½-½ (50) Calabrese,C (2139)-Bolignano,G (2288) ICCF email 2013}) 16. Rab1 Qd6 17. Nc5 Nxc5 18. Qxc5 Qxc5 19. Rxc5 Ne4 20. Rc2 Nd6 21. a4 Bf5 22. Bxf5 {The position is equal.} Nxf5 23. g4 Nd6 24. Ne5 f6 25. Nd7 Ra6 (25... Rd8 $5 26. Nc5 $8 Re8 $11) 26. Nc5 Ra7 27. f3 Kf7 28. Kf2 Re8 29. b3 Raa8 30. Rc3 Re7 31. Nd3 g5 32. Rh1 Kg6 33. Nc1 Rae8 34. Ne2 Rf7 35. Ng3 f5 36. gxf5+ Nxf5 37. Nxf5 Rxf5 $11 {[%mdl 4096] Endgame KRR-KRR} 38. Rc5 Ra8 $1 39. e4 dxe4 {[#] Hoping for ...Rf6.} 40. Rxh6+ $1 Kxh6 41. Rxf5 exf3 42. Kxf3 {KR-KR} Kg6 43. Rc5 Rf8+ 44. Ke3 Rf5 45. Rc4 Kf6 46. b4 Ke6 47. bxa5 Rxa5 48. Ke4 Kf6 49. Rb4 Ke6 50. g4 b5 51. axb5 Rxb5 52. Rc4 Kd6 53. Rc1 Ra5 54. Rh1 Ra4 55. Rh6+ Kd7 56. Ke5 Ra5+ 57. Ke4 Ra4 58. Rg6 c5 59. Rxg5 Rxd4+ 60. Ke5 Ke7 61. Rg6 Kf7 62. Rf6+ Kg7 63. g5 Rd1 64. Rc6 Re1+ 65. Kf5 Rf1+ 66. Ke4 {Weighted Error Value: White=0.02/Black=0.02} 1/2-1/2

[Event "81st ARM-ch 1st League 2021"]
[Site "Yerevan"]
[Date "2021.01.27"]
[Round "6.4"]
[White "Danielyan, Vahe"]
[Black "Harutyunian, Tigran K."]
[Result "0-1"]
[WhiteElo "2357"]
[BlackElo "2549"]
[Annotator "TA"]
[PlyCount "80"]
[EventDate "2021.01.20"]
[EventType "tourn"]
[EventCountry "ARM"]
[SourceTitle "playchess.com"]
[Source "ChessBase"]
[SourceQuality "1"]

{[%evp 23,80,37,63,41,37,29,62,30,39,0,6,0,51,43,41,36,56,56,62,51,32,64,35,30,89,-22,-21,-93,-41,-32,-29,-124,-118,-248,-211,-350,-309,-321,-122,-135,-69,-130,-135,-135,-154,-361,-345,-393,-400,-470,-412,-1291,-1267,-1068,-1066,-2422,-1681,-2194,-1618]} 1. e4 e5 2. Nf3 Nc6 3. Bb5 a6 4. Ba4 Nf6 5. O-O b5 6. Bb3 Bb7 7. c3 Be7 8. d4 d6 9. Nbd2 O-O 10. Re1 h6 11. Nf1 Re8 12. Ng3 Bf8 13. a4 {C91: Closed Ruy Lopez: 7...d6 8 c3 0-0 9 d4.} exd4 14. cxd4 Nb4 {[%cal Rf6e4]} 15. d5 {White is slightly better.} (15. Bd2 $5 {[%cal Rd2b4]} a5 16. Qb1 $14 (16. axb5 Nxe4 17. Bxb4 axb4 $11)) 15... c5 16. dxc6 {[#]} Nxc6 $146 ({Predecessor:} 16... Bxc6 17. Nd4 Bxe4 18. Nxe4 Rxe4 19. Rxe4 Nxe4 20. axb5 axb5 21. Ra3 Rc8 22. Be3 Qf6 {½-½ (63) Kobese,W (2316)-Lekgau,M (1952) Cape Town 2016}) 17. Bd2 Rc8 (17... b4 $11) 18. axb5 $14 axb5 19. h3 Ne5 20. Ra7 Re7 21. Nf5 Rd7 $1 22. Ba5 Qe8 23. Bc3 Ra8 {[#]} (23... Qd8 $11) 24. Rxb7 $1 Rxb7 $11 25. N3h4 (25. Nxd6 $11 {remains equal.} Bxd6 26. Qxd6 Nxf3+ 27. gxf3) 25... b4 (25... Rba7 $17 {And now ...Nxe4! would win.} 26. Nf3 Ra6) 26. Bd4 $15 Qd8 $1 27. Re3 (27. Be3 $11) 27... Kh7 $17 28. g4 (28. Re1 $17 {is a better defense.}) 28... g6 $19 29. g5 (29. Ng3 $142) 29... hxg5 (29... gxf5 $2 30. gxf6 f4 31. Re1 $19) 30. Nf3 Nxf3+ (30... gxf5 $19 31. Nxg5+ Kh6) 31. Rxf3 $17 Ra5 ({But not} 31... gxf5 $6 32. Rxf5 Bg7 33. Qf3 $11) (31... Nxe4 $6 32. Bd5 $11) (31... Ra6 $17 {Threatens to win with ...d5.} 32. Bc4 Ra5 33. Bxf6 Qxf6 {[%mdl 64] Double Attack}) 32. Ne3 {[#]} ({White should try} 32. Nxd6 $15 Bxd6 33. Bxf6) 32... Bg7 $1 ({Much worse is} 32... Nxe4 $6 33. Bxf7 Re7 34. Nd5 $11) 33. Bxf6 Bxf6 34. Ng4 $2 (34. Kg2 $17) 34... Bxb2 $19 35. Qc2 Be5 ({Weaker is} 35... Ra1+ 36. Kg2 $19) 36. Bxf7 Rc7 37. Qd2 (37. Qb3 $142 Qc8 38. Be6) 37... Ra1+ {Black is clearly winning.} 38. Kg2 Rcc1 {[%csl Ga1][%cal Rc1g1]} 39. Rd3 Rg1+ 40. Kf3 {[#]} Rxg4 $1 {Weighted Error Value: White=0.78/Black=0.21} 0-1

[Event "81st ARM-ch 1st League 2021"]
[Site "Yerevan"]
[Date "2021.01.27"]
[Round "6.5"]
[White "Mikaelyan, Arman"]
[Black "Shahinyan, David"]
[Result "1/2-1/2"]
[WhiteElo "2485"]
[BlackElo "2452"]
[Annotator "TA"]
[PlyCount "87"]
[EventDate "2021.01.20"]
[EventType "tourn"]
[EventCountry "ARM"]
[SourceTitle "playchess.com"]
[Source "ChessBase"]
[SourceQuality "1"]

{[%evp 18,87,27,5,21,6,22,11,12,0,8,0,5,15,2,-32,-25,-48,0,-22,-18,-75,-74,-57,-54,-90,-44,-66,-23,-74,-64,-68,-54,-75,-75,-98,-62,-114,-112,-185,-185,-179,-154,-159,-111,-102,-39,-49,-22,-23,0,0,0,0,0,0,0,0,0,0,0,0,0,0,0,0,0,0,6,6,6,6]} 1. Nf3 g6 2. g3 Bg7 3. d4 c5 4. d5 Nf6 5. Bg2 O-O 6. c4 e6 7. O-O exd5 8. cxd5 d6 9. Nc3 Nbd7 10. h3 Qe7 {A62: Modern Benoni: Fianchetto Variation without early ...Nbd7.} 11. a4 Ne4 12. Nxe4 Qxe4 13. Ra3 {[#]} Qe7 $146 ({Predecessor:} 13... Qb4 14. Nd2 Re8 15. Rb3 Qa5 16. Nc4 Qa6 17. Na3 Nb6 18. Nb5 Bd7 19. Nc7 Qxa4 20. Nxa8 Rxa8 {0-1 (52) Krylov,M (2530)-Grigoryan,A (2576) Voronezh 2010}) 14. a5 b5 15. axb6 Nxb6 16. Bg5 Qc7 17. b3 Re8 18. Nh2 a5 19. Ng4 (19. e4 $11) 19... Bxg4 $17 20. hxg4 c4 21. bxc4 Nxc4 22. Qc2 Rec8 (22... Qc8 $5 {[%cal Rc4a3]} 23. Ra2 Qxg4 $15) 23. Ra2 (23. Ra4 $11 {keeps the balance.}) 23... Qd7 24. Qe4 Ne5 25. Bf4 Qxg4 26. Qa4 Rc5 27. e4 (27. Rc1 $15) 27... Qc8 28. Be3 (28. Rb1 $17 {was necessary.}) 28... Rc4 $19 29. Qa3 Qc7 30. Rc1 Rxc1+ 31. Qxc1 Qxc1+ ({Black should try} 31... Qb7 $17 32. Qd1 Nc4) 32. Bxc1 $15 a4 33. Bf1 Nf3+ 34. Kg2 {The position is equal.} Nd4 35. Ba3 Bf8 36. Bb4 f5 37. exf5 gxf5 38. Bd3 Kf7 39. Ra3 Ke7 40. Bc3 Bg7 41. Bxd4 Bxd4 42. Bc2 Bc5 43. Rxa4 Rxa4 44. Bxa4 {Weighted Error Value: White=0.15/Black=0.14} 1/2-1/2

[Event "81st ARM-ch 1st League 2021"]
[Site "Yerevan"]
[Date "2021.01.27"]
[Round "6.6"]
[White "Davtyan, Artur"]
[Black "Yeremyan, Alen"]
[Result "0-1"]
[WhiteElo "2466"]
[BlackElo "2274"]
[Annotator "TA"]
[PlyCount "110"]
[EventDate "2021.01.20"]
[EventType "tourn"]
[EventCountry "ARM"]
[SourceTitle "playchess.com"]
[Source "ChessBase"]
[SourceQuality "1"]

{[%evp 11,110,29,33,8,57,57,64,59,57,62,53,52,66,68,100,100,106,90,91,93,106,93,105,73,108,111,111,111,111,109,111,112,116,110,154,115,116,93,98,-4,66,0,85,0,0,0,0,0,0,0,0,0,0,0,0,0,0,0,0,0,0,0,0,0,0,0,0,0,26,-1134,-1060,-1589,-1541,-1582,-1554,-1331,-1329,-1210,-1259,-1218,-1210,-1113,-1112,-1092,-1081,-29988,-29989,-29989,-29988,-29988,-29989,-29989,-29973,-29988,-29989,-29989,-29986,-29986,-29987,-29986,-29988]} 1. d4 Nf6 2. c4 g6 3. Nc3 d5 4. Bf4 Bg7 5. e3 c6 6. Rc1 O-O 7. h3 {D83: Grünfeld: 4 Bf4 Bg7 5 e3 0-0.} a6 8. Nf3 dxc4 9. Bxc4 {White is slightly better.} Nbd7 10. O-O b5 11. Be2 Bb7 {[#]} 12. Ne5 $146 ({Predecessor:} 12. b4 a5 13. a3 axb4 14. axb4 e6 15. Qb3 Qe7 16. Ne5 Nxe5 17. Bxe5 Nd5 18. Bxg7 Kxg7 19. Nxd5 exd5 {1-0 (44) Cvek,R (2531)-Plat,V (2410) Decin 2009}) 12... Qa5 13. Bf3 Rac8 14. a3 Rfd8 15. Qb3 Nxe5 16. Bxe5 Ba8 17. Na2 Nd7 18. Bxg7 Kxg7 19. Nb4 {[%cal Rf3c6]} c5 {Strongly threatening ...Bxf3.} 20. Bxa8 cxb4 21. axb4 Qb6 22. Bf3 Qd6 23. Bb7 Rc7 24. Rxc7 Qxc7 25. Bxa6 (25. Bf3 $16) 25... Qc6 ({Black should play} 25... Qb6 $1 $11) 26. Qa3 (26. Ra1 $14) 26... Nb8 {[#]} (26... Nf6 $11) 27. Qa5 $1 Rd5 $11 28. Ra1 $1 Rg5 {[%csl Gg5][%cal Rc6g2]} 29. g3 Rf5 30. b3 Qf3 31. Rf1 {aiming for Bc8.} Qc6 32. Ra1 Qf3 33. Ra2 Qd1+ 34. Kg2 {Bb7 is the strong threat.} Qf3+ 35. Kg1 Qd1+ 36. Kg2 {And now Bb7 would win.} Qf3+ 37. Kh2 Rh5 $40 {[%mdl 128] Black mounts an attack.} 38. Bc8 {Hoping for Qa8.} (38. Bxb5 {[#] gets mated.} Rxh3+ $3 {[%mdl 512]} 39. Kxh3 Qh1+ 40. Kg4 Qh5+ 41. Kf4 Qf5#) 38... e6 39. h4 {Black must now prevent Qc7.} g5 40. Qa8 $2 {[%mdl 8192] Loses the game.} ({Wrong is} 40. Qxb5 $2 gxh4 41. Qxh5 hxg3+ 42. Kh3 Qxh5+ $19) (40. Qc7 $11 gxh4 41. g4 Qxg4 42. f3 (42. Qxb8 $2 Rg5 $19) 42... Qg3+ 43. Qxg3+ hxg3+ 44. Kxg3) 40... Nc6 $19 41. Bxe6 gxh4 42. Bh3 hxg3+ 43. fxg3 {[#]} Qg4 $1 44. Qxc6 Rxh3+ {[%mdl 4160] Endgame Double Attack. KQR-KQR} 45. Kg2 Rxg3+ {[%mdl 64] Double Attack} 46. Kf2 Qh3 47. Re2 Rg6 {( -> ...Qg3+)} 48. Qc7 Qh4+ {Black mates.} 49. Kf3 Qg4+ 50. Kf2 Qg1+ 51. Kf3 Rf6+ 52. Ke4 Qg6+ 53. Kd5 Rf5+ 54. Qe5+ Rxe5+ 55. Kxe5 Qh5+ {[%mdl 64] Double Attack.  Weighted Error Value: White=0.47/Black=0.10} 0-1